भारत का सांस्कृतिक इतिहास / (Record no. 145956)

MARC details
000 -LEADER
fixed length control field 01073nam a22002057a 4500
005 - DATE AND TIME OF LATEST TRANSACTION
control field 20230222104157.0
010 ## - LCCN (DPL NO)
LC control number 17-18HN-4.8.17 B-700579-587 HIN-124830
020 ## - INTERNATIONAL STANDARD BOOK NUMBER
Terms of availability 495.00
International Standard Book Number 9788188872589
035 ## - SYSTEM CONTROL NUMBER
System control number B-700579-587
035 ## - SYSTEM CONTROL NUMBER
System control number HN-97176
037 ## - SOURCE OF ACQUISITION
Source of stock number/acquisition गरिमा बुक्स
082 ## - DEWEY DECIMAL CLASSIFICATION NUMBER
Classification number 306.0954
100 ## - MAIN ENTRY--PERSONAL NAME
Personal name तिवारी, प्रकाश चन्द
245 ## - TITLE STATEMENT
Title भारत का सांस्कृतिक इतिहास /
Statement of responsibility, etc प्रकाश चन्द तिवारी
260 ## - PUBLICATION, DISTRIBUTION, ETC. (IMPRINT)
Place of publication, distribution, etc दिल्ली
Name of publisher, distributor, etc गरिमा बुक्स
Date of publication, distribution, etc 2018
270 ## - ADDRESS
City दिल्ली
Address 6/40, मोहल्ला महाराम, गली आर्यासमाज, शाहदरा
Postal code 110032
300 ## - PHYSICAL DESCRIPTION
Extent 160पृ.
Dimensions 22 सेमी. (सजिल्द)
942 ## - ADDED ENTRY ELEMENTS (KOHA)
Source of classification or shelving scheme Dewey Decimal Classification
Item type Hindi Books
Classification part 306.0954
Call number suffix तिवारी
Holdings
Withdrawn status Lost status Not for loan Collection code Home library Current library Date acquired Source of acquisition Cost, normal purchase price Full call number Barcode Copy number Cost, replacement price Koha item type
      Non-fiction Ashok Vihar Ashok Vihar 07/09/2018 Garima Books/75/14-05-18/116/27-04-18/23-07-18 495.00 306.0954 तिवारी B-700585 1 495.00 Hindi Books
      Non-fiction Central Library Central Library 07/09/2018 Garima Books/75/14-05-18/116/27-04-18/23-07-18 495.00 306.0954 तिवारी B-700579 1 495.00 Hindi Books
      Non-fiction Janak Puri Janak Puri 07/09/2018 Garima Books/75/14-05-18/116/27-04-18/23-07-18 495.00 306.0954 तिवारी B-700586 1 495.00 Hindi Books
      Non-fiction Katevara Katevara 22/02/2023 DBAD/PUB 495.00 306.0954 तिवारी HN-97176 1 495.00 Hindi Books
      Non-fiction Mobile Library Mobile Library 07/09/2018 Garima Books/75/14-05-18/116/27-04-18/23-07-18 495.00 306.0954 तिवारी B-700580 4 495.00 Hindi Books
      Non-fiction Mobile Library Mobile Library 07/09/2018 Garima Books/75/14-05-18/116/27-04-18/23-07-18 495.00 306.0954 तिवारी B-700581 4 495.00 Hindi Books
      Non-fiction Mobile Library Mobile Library 07/09/2018 Garima Books/75/14-05-18/116/27-04-18/23-07-18 495.00 306.0954 तिवारी B-700582 4 495.00 Hindi Books
      Non-fiction Mobile Library Mobile Library 07/09/2018 Garima Books/75/14-05-18/116/27-04-18/23-07-18 495.00 306.0954 तिवारी B-700583 4 495.00 Hindi Books
      Non-fiction New Police Line New Police Line 07/09/2018 Garima Books/75/14-05-18/116/27-04-18/23-07-18 495.00 306.0954 तिवारी B-700584 1 495.00 Hindi Books
      Non-fiction Shahdara Branch Shahdara Branch 07/09/2018 Garima Books/75/14-05-18/116/27-04-18/23-07-18 495.00 306.0954 तिवारी B-700587 1 495.00 Hindi Books

© Delhi Public Library
Hit Counter
free hit counter